Meretz Investments NV and another v ACP Ltd and others (Record no. 79915)

MARC details
000 -LEADER
fixed length control field 01927cad a22002175a 4500
001 - CONTROL NUMBER
control field L142707
008 - FIXED-LENGTH DATA ELEMENTS--GENERAL INFORMATION
fixed length control field 080303e20071211xxk f w 000 0 eng d
035 ## - SYSTEM CONTROL NUMBER
System control number (Sirsi) u142707
041 0# - LANGUAGE CODE
Language code of text/sound track or separate title eng
245 00 - TITLE STATEMENT
Title Meretz Investments NV and another v ACP Ltd and others
Medium [electronic resource]
260 ## - PUBLICATION, DISTRIBUTION, ETC.
Date of publication, distribution, etc. 2007
520 ## - SUMMARY, ETC.
Summary, etc. [2007] EWCA Civ 1303, 11 December 2007. Considers whether a party which acted to protect its own interests in the belief it had the right to do so and caused detriment to the interests of another party, had the intention to cause harm for purposes of the tort of inducing breach of contract. The appellants (M) were sister companies owning freehold of flats. The respondents (A) were companies, one of whom was a subsidiary of the other. When the subsidiary's development of a property encountered problems, possession of the property was sold by the superior company which prevented M from exercising its leaseback option. M appealed the judge's decision, arguing that A were liable for damages due to M's loss of the leaseback option; and that they were liable to M in damages for economic torts. "Held": The subsidiary company of A was liable to M for its loss of leaseback option due to the sale option being exercised. The judge had erred in failing to reach this finding. However M's charge that the companies of A had acted in conspiracy was unfounded. They had shown sound reason for the belief their actions were valid. Appeal allowed in part.
590 ## - LOCAL NOTE (RLIN)
Local note KA
650 24 - SUBJECT ADDED ENTRY--TOPICAL TERM
Topical term or geographic name entry element MERETZ INVESTMENTS NV AND ANOTHER V ACP LTD AND OTHERS
650 24 - SUBJECT ADDED ENTRY--TOPICAL TERM
Topical term or geographic name entry element LAW OF PROPERTY ACT 1925 S114
651 #4 - SUBJECT ADDED ENTRY--GEOGRAPHIC NAME
Geographic name England and Wales
Chronological subdivision 1543-
690 ## - LOCAL SUBJECT ADDED ENTRY--TOPICAL TERM (OCLC, RLIN)
Topical term or geographic name as entry element PROPERTY-COMMERCIAL PROPERTY-COMMERCIAL LANDLORD AND TENANT-COMMERCIAL LEASES
690 ## - LOCAL SUBJECT ADDED ENTRY--TOPICAL TERM (OCLC, RLIN)
Topical term or geographic name as entry element MANAGEMENT-BUSINESS MANAGEMENT
856 40 - ELECTRONIC LOCATION AND ACCESS
Uniform Resource Identifier <a href="https://www.bailii.org/ew/cases/EWCA/Civ/2007/1303.html">https://www.bailii.org/ew/cases/EWCA/Civ/2007/1303.html</a>
Public note View the judgment free of charge at www.bailii.org...
942 ## - ADDED ENTRY ELEMENTS (KOHA)
Suppress in OPAC 0
Holdings
Withdrawn status Lost status Source of classification or shelving scheme Damaged status Not for loan Home library Current library Shelving location Date acquired Total Checkouts Full call number Barcode Date last seen Copy number Price effective from Koha item type
    Dewey Decimal Classification     Virtual Virtual Online 03/03/2008   ONLINE PUBLICATION 142707-1001 06/08/2019 1 06/08/2019 Law report